Online
Catalog

Informe al Congreso Nacional : (Record no. 46936)

MARC details
000 -CABECERA
campo de control de longitud fija 02267nam a2200289 a 4500
001 - NÚMERO DE CONTROL
campo de control 000047448
003 - IDENTIFICADOR DEL NÚMERO DE CONTROL
campo de control DO-SdBNP
005 - FECHA Y HORA DE LA ÚLTIMA TRANSACCIÓN
campo de control 20260217130814.0
007 - CAMPO FIJO DE DESCRIPCIÓN FÍSICA--INFORMACIÓN GENERAL
campo de control de longitud fija ta
008 - DATOS DE LONGITUD FIJA--INFORMACIÓN GENERAL
campo de control de longitud fija 180530s2016 dr 000 0 spa d
040 ## - FUENTE DE LA CATALOGACIÓN
Centro catalogador/agencia de origen DO-SdBNP
Lengua de catalogación spa
Centro/agencia transcriptor BNPHU
Normas de descripción rda
041 ## - CÓDIGO DE LENGUA
Código de lengua del texto/banda sonora o título independiente spa
082 #1 - NÚMERO DE LA CLASIFICACIÓN DECIMAL DEWEY
Número de clasificación 352.4097293
Número de documento/Ítem I43c 2015
Número de edición 22
110 1# - ENTRADA PRINCIPAL--NOMBRE DE ENTIDAD CORPORATIVA
Nombre de entidad corporativa o nombre de jurisdicción como elemento de entrada República Dominicana.
Unidad subordinada Cámara de Cuentas
9 (RLIN) 12254
245 10 - MENCIÓN DE TÍTULO
Título Informe al Congreso Nacional :
Resto del título análisis y evaluación de la ejecución presupuestaria y la rendición de cuentas generales del Estado, año fiscal 2015.
264 #1 - PRODUCCIÓN, PUBLICACIÓN, DISTRIBUCIÓN, FABRICACIÓN Y COPYRIGHT
Producción, publicación, distribución, fabricación y copyright Santo Domingo :
Nombre del de productor, editor, distribuidor, fabricante Cámara de Cuentas de la República,
Fecha de producción, publicación, distribución, fabricación o copyright 2016.
300 ## - DESCRIPCIÓN FÍSICA
Extensión 819 páginas ;
Dimensiones 32 cm.
336 ## - TIPO DE CONTENIDO
Término de tipo de contenido texto
Código de tipo de contenido txt
Fuente rdacontent
337 ## - TIPO DE MEDIO
Nombre/término del tipo de medio sin mediación
Código del tipo de medio n
Fuente rdamedia
338 ## - TIPO DE SOPORTE
Nombre/término del tipo de soporte volumen
Código del tipo de soporte nc
Fuente rdacarrier
505 0# - NOTA DE CONTENIDO CON FORMATO
Nota de contenido con formato Marco de la ley de presupuesto general del Estado del año 2015 --
Título Análisis de la ejecución presupuestaria del Estado del año 20015 --
-- Análisis de la deuda del sector público no financiero --
-- Análisis del movimiento y disponibilidad --
-- Análisis de ejecución presupuestaria de las instituciones descentralizadas y autónoma no financieras. Las instituciones públicas de la seguridad social y empresas públicas no financieras --
-- Análisis de la ejecución presupuestaria del sector público financiero --
-- Análisis prusupuestario de las entidades municipales --
-- Informe de los autitores de la Cámara de Cuentas de la República Dominicana sobre el estado de recaudación e inversión de las rentas (ERIR), basado en estado de ejecución presupuestaria (cuenta de ahorro-inversión y financiamiento (CAIF) del gobierno central , año 2015 --
-- Dictamen de los auditores de la Cámara de Cuentas de la República -- Informaciones finanancieras de la entidad --
-- Observaciones , conclusiones y recomendaciones --
-- Informe sobre la auditorías prácticadas por la Cámara de Cuentas a las instituciones públicas durante el período 2015 --
-- Rendición de cuentas y ejecución presupuestaria de la Cámara de Cuentas.
590 ## - NOTA LOCAL (RLIN)
Nota local Inventariado, 2018/VM
650 #4 - PUNTO DE ACCESO ADICIONAL DE MATERIA--TÉRMINO DE MATERIA
Término de materia o nombre geográfico como elemento de entrada Gastos públicos
Subdivisión geográfica República Dominicana
9 (RLIN) 6405
650 #4 - PUNTO DE ACCESO ADICIONAL DE MATERIA--TÉRMINO DE MATERIA
Término de materia o nombre geográfico como elemento de entrada Hacienda pública
Subdivisión geográfica República Dominicana
9 (RLIN) 6562
650 #4 - PUNTO DE ACCESO ADICIONAL DE MATERIA--TÉRMINO DE MATERIA
Término de materia o nombre geográfico como elemento de entrada Presupuesto
Subdivisión geográfica República Dominicana
9 (RLIN) 7940
942 ## - ELEMENTOS DE PUNTO DE ACCESO ADICIONAL (KOHA)
Fuente del sistema de clasificación o colocación Dewey Decimal Classification
Tipo de ítem Koha Libro
Holdings
Estado de retiro Estado de pérdida No para préstamo Código de colección Localización permanente Ubicación/localización actual Ubicación en estantería Fecha de adquisición Número de inventario Total de préstamos Signatura topográfica completa Código de barras Fecha visto por última vez Número de copia Precio válido a partir de Tipo de ítem Koha
    Excluido de préstamo Dominicana de Servicio General General Depósito 30.05.2018 LF1   352.4097293 I43c, 2015 47448-30 25.06.2020 e. 3 25.06.2020 Libro y Folleto Colección Dominicana de Servicio
    Excluido de préstamo Patrimonio Dominicano Patrimonio Dominicano Patrimonio Dominicano Depósito 29.05.2018 LF1   352.4097293 I43c, 2015 47448-10 25.06.2020 e. 2 25.06.2020 Libro y Folleto Colección Patrimonio Dominicano
    Excluido de préstamo Patrimonio Dominicano Patrimonio Dominicano Patrimonio Dominicano Depósito 29.05.2018 LF1   352.4097293 I43c, 2015 47448-20 25.06.2020   25.06.2020 Libro y Folleto Colección Patrimonio Dominicano

Powered by Koha